Guía para el profesor: matemática 6

Gespeichert in:
Bibliographische Detailangaben
Hauptverfasser: Cortés Quezada, Isabel (VerfasserIn), Knockaert Heimpell, Loreley (VerfasserIn)
Format: Buch
Sprache:Spanisch
Veröffentlicht: Santiago Arrayán 2001
Ausgabe:3a. ed
Schlagworte:
Tags: Tag hinzufügen
Keine Tags, Fügen Sie den ersten Tag hinzu!

MARC

LEADER 00000nam a2200000 a 4500
001 UCM8891
003 CL-VaPUC
008 030404e20010000CL |||||||||||||||||spa|d
082 0 4 |a 372.7  |b COR  |2 21 
100 0 |a Cortés Quezada, Isabel  |e author  |9 475177 
700 0 |a Knockaert Heimpell, Loreley  |e author  |9 475178 
245 1 0 |a Guía para el profesor: matemática 6 
250 |a 3a. ed 
300 |a 73 p 
942 |c BK 
945 |d 20030404 00:00:00  |a cmena 
260 |a Santiago  |b Arrayán  |c 2001 
650 0 |a Matemáticas  |x Enseñanza  |9 875527 
650 0 |a Educación básica   |9 224933 
650 0 |a Métodos de enseñanza  |9 270413 
583 |a last modification  |c 20030404 00:00:00  |k Rodrigo Vera 
999 |c 303307  |d 303305 
952 |0 0  |1 0  |4 0  |6 372_700000000000000_COR_2001  |7 0  |8 A  |9 364514  |a BIBEDU  |b BIBEDU  |d 2019-11-21  |i 3890740  |o 372.7 COR 2001  |p 3890740  |r 2019-11-21  |w 2019-11-21  |y BK  |k EPE